| Tag |
First Indicator |
Second Indicator |
Subfields |
| LEADER |
00000pam a2200000 a 4500 |
| 001 |
in00000084743 |
| 005 |
20151008053217.0 |
| 008 |
810819s1982 nyu b 00110 eng |
| 010 |
|
|
|a 81014332
|
| 020 |
|
|
|a 0312787952
|
| 035 |
|
|
|a (OCoLC)07735245
|
| 035 |
|
|
|9 AAH6664AM
|
| 039 |
0 |
|
|a 2
|b 3
|c 3
|d 3
|e 3
|
| 040 |
|
|
|a DLC
|c DLC
|d TXA
|d UtOrBLW
|
| 049 |
|
|
|a TXAM
|c [1673439]
|
| 050 |
0 |
0 |
|a HC51
|b K43 1982
|
| 082 |
0 |
|
|a 338/.06/09
|2 19
|
| 100 |
1 |
|
|a Kenwood, A. G.
|
| 245 |
1 |
0 |
|a Technological diffusion and industrialisation before 1914 /
|c A.G. Kenwood and A.L. Lougheed.
|
| 264 |
|
1 |
|a London :
|b Croom Helm ;
|a New York :
|b St. Martin's Press,
|c 1982.
|
| 300 |
|
|
|a 216 pages ;
|c 23 cm.
|
| 336 |
|
|
|a text
|b txt
|2 rdacontent
|
| 337 |
|
|
|a unmediated
|b n
|2 rdamedia
|
| 338 |
|
|
|a volume
|b nc
|2 rdacarrier
|
| 504 |
|
|
|a Includes bibliographical references and index.
|
| 650 |
|
0 |
|a Industries
|x History.
|
| 650 |
|
0 |
|a Diffusion of innovations
|x History.
|
| 650 |
|
0 |
|a Technology transfer
|x History.
|
| 700 |
1 |
|
|a Lougheed, A. L.
|
| 999 |
|
|
|a MARS
|
| 999 |
f |
f |
|s 4e700d2a-9182-3ba2-9807-7e8fb8fe9160
|i 3721af7e-2f81-3cce-be0b-e062701a2e98
|t 0
|
| 952 |
f |
f |
|p ric
|a Texas A&M University
|b Rellis Campus
|c Joint Library Facility
|d Remote Storage
|t 0
|e HC51 K43 1982
|h Library of Congress classification
|i unmediated -- volume
|m A14805954926
|
| 998 |
f |
f |
|a HC51 K43 1982
|t 0
|l Remote Storage
|